1633 1779 1928 1811 1320 1041 1062 1066 1861 1933 1020 1054 1199 1972 1007 1852 1411 1279 1661 1998 1021 1074 1414 1349 1217 1732 1075 1036 1184 1283 1157 1833 1765 1908 1202 1408 1946 1307 1623 1634 1938 1078 1153 1289 1122 1531 1707 1849 1475 1899 1662 1902 1788 1967 1865 1251 1968 1817 1444 1459 1678 1847 1352 1857 1452 1506 1060 1721 1616 1260 1288 1283 1841 1376 1205 1852 1825 1267 1394 1004 1879 1960 1919 1788 1367 1015 1560 1912 1399 1685 1123 1487 1235 1124 1878 1474 1639 1696 1113 BCNSPRNW ULIB Ver.6.0+V

เปลี่ยนเป็นภาษาไทย

Change to English
 แสดงรายละเอียดบรรณานุกรม
  กลับหน้าหลัก

Brief Record : Get Marc (ISO 2709) : E-mail record : QR code < ปิดหน้าต่าง
LEADER : 00000nam 2200000uu 4500
001    13399126526
003     ULIB
008    181008s2555||||th 000 0 tha d
020    ^a9789740330165^c130
060 04 ^aWL346^bจ425ค
100 0  ^aจิตติมา เจริญลิ้มประเสริฐ
245 10 ^aคู่มือการออกกำลังกาย :^bแบบช่วยทำการเคลื่อนไหวข้อต่อในผู้ป่วยอัมพาต (ความรู้เบื้องต้นสำหรับผู้ป่วยและผู้ดูแล) /^cจิตติมา เจริญลิ้มประเสริฐ
250    ^aพิมพ์ครั้งที่ 1
260    ^aกรุงเทพฯ :^bสำนักพิมพ์แห่งจุฬาลงกรณ์มหาวิทยาลัย,^c2555
300    ^a47 หน้า :^bภาพประกอบ ;^c26 ซม. +^eซีดีรอม 1 แผ่น
650  4 ^aการออกกำลังกาย^xเครื่องมือและอุปกรณ์
650  4 ^aอัมพาต^xผู้ป่วย^xการรักษาด้วยการออกกำลังกาย^vคู่มือ
650  4 ^aอัมพาต^xผู้ป่วย^xการฟื้นฟูสมรรถภาพ
650  4 ^aอัมพาต^xกายภาพบำบัด
650  4 ^aกายบริหารยืดเส้น^vคู่มือ
650  4 ^aการออกกำลังกาย^vคู่มือ
945    ^p130^l0^i004700
945    ^p130^l0^i004699
945    ^p130^l0^i004698
945    ^p130^l0^i004701
945    ^p130^l0^i004697
945    ^p130^l0^i004692
945    ^p130^l0^i004693
945    ^p130^l0^i004696
945    ^p130^l0^i004694
945    ^p130^l0^i004695
999    ^aประนอม เกษจรัล
รายการนี้ยังไม่มีแท็ก
คุณยังไม่ได้ล็อกอิน คุณสามารถมีกิจกรรมร่วมกับเว็บไซต์ได้ แต่ต้องล็อกอินก่อน ::
  ล็อกอิน

รายการสื่อสารสนเทศ

ลำดับที่ ประเภท เลขเรียก/บาร์โค้ด สถานที่ สถานะ
1. วิทยาศาสตร์การแพทย์ และสุขภาพ
หนังสือสำรอง
สถานะ=หนังสือสำรอง
WL346 จ425ค ฉ.1 
  Barcode: 004692
ห้องสมุดวิทยาเขตสวรรค์ประชารักษ์
►ส่วนจัดเก็บหนังสือเก่า สปร
บนชั้น
  ขอยืม
2. วิทยาศาสตร์การแพทย์ และสุขภาพ
วิทยาศาสตร์การแพทย์ และสุขภาพ
WL346 จ425ค ฉ.10 
  Barcode: 004701
ห้องสมุดวิทยาเขตสวรรค์ประชารักษ์
►ส่วนจัดเก็บหนังสือเก่า สปร
บนชั้น
  ขอยืม
3. วิทยาศาสตร์การแพทย์ และสุขภาพ
วิทยาศาสตร์การแพทย์ และสุขภาพ
WL346 จ425ค ฉ.2 
  Barcode: 004693
ห้องสมุดวิทยาเขตสวรรค์ประชารักษ์
►ส่วนจัดเก็บหนังสือเก่า สปร
บนชั้น
  ขอยืม
4. วิทยาศาสตร์การแพทย์ และสุขภาพ
วิทยาศาสตร์การแพทย์ และสุขภาพ
WL346 จ425ค ฉ.3 
  Barcode: 004694
ห้องสมุดวิทยาเขตสวรรค์ประชารักษ์
►ส่วนจัดเก็บหนังสือเก่า สปร
บนชั้น
  ขอยืม
5. วิทยาศาสตร์การแพทย์ และสุขภาพ
วิทยาศาสตร์การแพทย์ และสุขภาพ
WL346 จ425ค ฉ.4 
  Barcode: 004695
ห้องสมุดวิทยาเขตสวรรค์ประชารักษ์
►ส่วนจัดเก็บหนังสือเก่า สปร
บนชั้น
  ขอยืม
6. วิทยาศาสตร์การแพทย์ และสุขภาพ
วิทยาศาสตร์การแพทย์ และสุขภาพ
WL346 จ425ค ฉ.5 
  Barcode: 004696
ห้องสมุดวิทยาเขตสวรรค์ประชารักษ์
►ส่วนจัดเก็บหนังสือเก่า สปร
บนชั้น
  ขอยืม
7. วิทยาศาสตร์การแพทย์ และสุขภาพ
วิทยาศาสตร์การแพทย์ และสุขภาพ
WL346 จ425ค ฉ.6 
  Barcode: 004697
ห้องสมุดวิทยาเขตสวรรค์ประชารักษ์
►ส่วนจัดเก็บหนังสือเก่า สปร
บนชั้น
  ขอยืม
8. วิทยาศาสตร์การแพทย์ และสุขภาพ
วิทยาศาสตร์การแพทย์ และสุขภาพ
WL346 จ425ค ฉ.7 
  Barcode: 004698
ห้องสมุดวิทยาเขตสวรรค์ประชารักษ์
►ส่วนจัดเก็บหนังสือเก่า สปร
บนชั้น
  ขอยืม
9. วิทยาศาสตร์การแพทย์ และสุขภาพ
วิทยาศาสตร์การแพทย์ และสุขภาพ
WL346 จ425ค ฉ.8 
  Barcode: 004699
ห้องสมุดวิทยาเขตสวรรค์ประชารักษ์
►ส่วนจัดเก็บหนังสือเก่า สปร
บนชั้น
  ขอยืม
10. วิทยาศาสตร์การแพทย์ และสุขภาพ
วิทยาศาสตร์การแพทย์ และสุขภาพ
WL346 จ425ค ฉ.9 
  Barcode: 004700
ห้องสมุดวิทยาเขตสวรรค์ประชารักษ์
►ส่วนจัดเก็บหนังสือเก่า สปร
บนชั้น
  ขอยืม

รายการใกล้เคียง
    ผู้แต่ง [จิตติมา เจริญลิ้มประเสริฐ]

BibComment


ยังไม่เคยถูกคอมเมนท์

คอมเมนท์ทรัพยากรรายการนี้
  คอมเมนท์: คู่มือการออกกำลั..


 Copyright 2026. Bcnsprnw @Library